Tổ chức hoạt động học tích cực, tự lực và sáng tạo của học sinh trung học phổ thông trong dạy học chuyên đề các định luật chất khí

Vận dụng cơ sở lí luận để tổ chức hoạt động học tích cực, tự lực và sáng tạo của học sinh trong dạy học chuyên đề “Các định luật chất khí” nhằm nâng cao chất lượng kiến thức cho học sinh đồng thời đáp ứng yêu cầu đổi mới căn bản toàn diện trong giáo dục hiện nay....

ver descrição completa

Na minha lista:
Detalhes bibliográficos
Autor principal: Nguyễn Hồng Dương
Outros Autores: Nguyễn Xuân Thành PGS.TS (Hướng dẫn)
Formato: Livro
Idioma:Vietnamese
Publicado em: Hà Nội Trường ĐH Giáo dục - Đại học Quốc gia Hà Nội 2015
Assuntos:
Tags: Adicionar Tag
Sem tags, seja o primeiro a adicionar uma tag!
Thư viện lưu trữ: Mạng thư viện Đại học Đà Nẵng
LEADER 01983nam a2200361 4500
001 000024682
003 21170
005 20170103110114.0
008 161222s2015 viesd
041 |a vie 
082 1 4 |a 533.0712  |b NG-D 
100 |a Nguyễn Hồng Dương 
245 1 |a Tổ chức hoạt động học tích cực, tự lực và sáng tạo của học sinh trung học phổ thông trong dạy học chuyên đề các định luật chất khí  |c Nguyễn Hồng Dương ; Nguyễn Xuân Thành hướng dẫn.  |k Luận văn Thạc sĩ 
260 |a Hà Nội  |b Trường ĐH Giáo dục - Đại học Quốc gia Hà Nội  |c 2015 
300 |a 102 tr.  |b Hình mh.  |c 29 cm. 
500 |a Luận văn thạc sĩ Khoa học. Chuyên ngành: Lý luận và phương pháp dạy học (bộ môn Vật Lý). Mã số: 60.14.01.11 
520 3 |a Vận dụng cơ sở lí luận để tổ chức hoạt động học tích cực, tự lực và sáng tạo của học sinh trong dạy học chuyên đề “Các định luật chất khí” nhằm nâng cao chất lượng kiến thức cho học sinh đồng thời đáp ứng yêu cầu đổi mới căn bản toàn diện trong giáo dục hiện nay. 
650 0 4 |a Chất khí  |v Luận văn tốt nghiệp  |x Dạy và học 
653 |a Phương pháp dạy học môn lý 
653 |a Vật lý 10 
653 |a Chất khí 
653 |a Giáo dục trung học 
700 1 |a Nguyễn Xuân Thành  |c PGS.TS  |e Hướng dẫn 
OWN |a LSP 
AVA |a UDN50  |b LSP  |d 533.0712 NG-D  |e available  |t Error 5001 Not defined in file expand_doc_bib_avail.  |f 1  |g 0  |h N  |i 0  |k 1 
999 |a From the UDN01 
AVA |a UDN50  |b LSP  |d 533.0712 NG-D  |e available  |t Error 5001 Not defined in file expand_doc_bib_avail.  |f 1  |g 0  |h N  |i 0  |k 1 
TYP |a Monograph 
TYP |a Printed language 
980 |a Mạng thư viện Đại học Đà Nẵng